000 00452nam a22001337a 4500
008 220928b |||||||| |||| 00| 0 eng d
020 _a1433558572
050 _aBS511.3
_b.S35 2018
245 _aScripture and the People of God:
_bEssays in Honor of Wayne Grudem/
_cedited by John DelHousaye, John J. Hughes & Jeff T. Purswell
260 _aIllinois
_bCrossway
_c2018
300 _a384p.
650 _aBible
_vcriticism
_xinterpretation
942 _2lcc
_cBK
999 _c19590
_d19589